Los plásticos más usados /
Contenido: Conceptos básicos; La era de los plásticos; Polímeros; Propiedades útiles de los plásticos; Pruebas de identificación; Los plásticos como productos de desecho; Poliolefinas; Policloruro de vinilo; Poliestireno; Polimetacrilatos; Siliconas; Politetrafluoroetileno; Poliuretanos; Resinas; Po...
Gardado en:
| Outros autores: | |
|---|---|
| Formato: | Libro |
| Idioma: | Lingua castelá |
| Publicado: |
Madrid, España :
Universidad Nacional de Educación a Distancia,
2000, c2000
|
| Series: | (Aula Abierta UNED ;
36137) |
| Temas: | |
| Etiquetas: |
Sen Etiquetas, Sexa o primeiro en etiquetar este rexistro!
|
MARC
| LEADER | 00000nam^a2200000^a^4500 | ||
|---|---|---|---|
| 001 | 000152726 | ||
| 005 | 20250521000000.0 | ||
| 009 | 20260310100255.333 | ||
| 020 | |a 84-362-4035-9 | ||
| 037 | |a Acervo ITESO - Biblioteca | ||
| 041 | |a ESP | ||
| 082 | |a 668. 4 |b PLA | ||
| 245 | 0 | 4 | |a Los plásticos más usados / |c A. Horta Zubiaga... [et al.]. |
| 264 | 4 | |a Madrid, España : |b Universidad Nacional de Educación a Distancia, |c 2000, c2000 | |
| 300 | |a 356 p. | ||
| 336 | |a texto |b txt |2 rdacontenido | ||
| 337 | |a sin mediación |b n |2 rdamedio | ||
| 338 | |a volumen |b nc |2 rdasoporte | ||
| 440 | 1 | |a (Aula Abierta UNED ; |v 36137) | |
| 520 | |a Contenido: Conceptos básicos; La era de los plásticos; Polímeros; Propiedades útiles de los plásticos; Pruebas de identificación; Los plásticos como productos de desecho; Poliolefinas; Policloruro de vinilo; Poliestireno; Polimetacrilatos; Siliconas; Politetrafluoroetileno; Poliuretanos; Resinas; Poliesteres; Poliamidas; Polímeros especiales. | ||
| 649 | |a XX | ||
| 650 | |a Fibras Sintéticas | ||
| 650 | |a Gomas y Resinas | ||
| 650 | |a Siliconas | ||
| 650 | |a Poliuretanos | ||
| 650 | |a Policloruro de Vinilo | ||
| 650 | |a Industria del Plástico | ||
| 650 | |a Plásticos - |x Tema Principal | ||
| 650 | |a Polímeros | ||
| 650 | |a Compuestos Orgánicos | ||
| 650 | |a Química Orgánica | ||
| 700 | |a Horta Zubiaga, Arturo |e (autor) | ||
| 910 | |a Fondo General | ||
| 920 | |a Impresos - Libros | ||
| 930 | |a Colección General | ||
| 905 | |a 101 | ||
| 901 | |a 0500081965 |b IT1 |c ACC |u 20250521 | ||
| 902 | |a https://opac.biblio.iteso.mx/vufind/Record/000152726 | ||